00287nam a2200121Ia 4500008004100000041000900041082001800050100002300068245002300091260003500114300000800149650000800157230718s9999 xx 000 0 und d aEng. a346.42bDAR-M aDar,Sultan Mahmood 0aMotor Vechile Laws aPakistanbImran law bookc2013 a830 aLaw